=LDR 00000nam 2200000 4500 =001 INLIS000000000042748 =005 20140705170220.0 =006 =007 =008 Ind =035 ##$$0010-101300000000670 =041 ##$$a Ind =082 ##$$a 618.3 =090 ##$$a 618.3, Ohs o =245 ##$$a Obstetri Emergensi, editor, Sofie Rifayani Krisnandi, Anita Deborah Anwar; Muhammad Alamsyah =260 ##$$a 2011 $b Jakarta =300 ##$$a x, 215 hlm., ilus, 22 cm =650 ##$$a Komplikasi Kehamilan =700 ##$$a Sofie Rifayani Krisnadi =850 ##$$a NBPNMAT =990 ##$$a 0001/BPAP-NTB/20142014 =990 ##$$a 0001/BPAP-NTB/20142014 =990 ##$$a 0001/BPAP-NTB/2016